Le message historique de Milan Rastislav Štefánik – le héros franco-slovaque diplomová práca

Saved in:
Bibliographic Details
Main Author: Mináriková, Veronika
Corporate Author: Fakulta aplikovaných jazykov EU v Bratislave. Katedra románskych a slovanských jazykov
Other Authors: Rizeková, Iveta, 1961-
Format: Book
Language:French
Published: Bratislava 2017
Tags: Add Tag
No Tags, Be the first to tag this record!

MARC

LEADER 00000nbm a2200000 4500
001 0231453
005 20180213100024.1
041 0 |a fre 
044 |a SK 
245 1 0 |a Le message historique de Milan Rastislav Štefánik – le héros franco-slovaque  |b diplomová práca  |c Veronika Mináriková ; školiteľ: Iveta Rizeková 
264 1 |a Bratislava  |c 2017 
300 |a 71 s. 
100 1 |a Mináriková, Veronika 
700 1 |a Rizeková, Iveta, 1961- 
710 2 |a Fakulta aplikovaných jazykov EU v Bratislave. Katedra románskych a slovanských jazykov